000
00305nam a2200109 a 4500
005
20200929150202.0
008
090701s1989 000 spa d
020
_a
843680466X
245
0
_a
Leer en la escuela : nuevas tendencias en la enseƱanza de la escuela.
260
_a
Madrid,
_c
1989.
999
_c
2175
_d
2175
040
_a
DO-SdBNP